000
00226nam a2200085Ia 4500
245
0
_a
Snakes and ladders
100
_a
MORPURGO, Michael New York, 2000
_9
77853
942
_c
BK
008
210817s9999 xx 000 0 und d
999
_c
267515
_d
267514